| 000 | 01117nam a22002535i 4500 | ||
|---|---|---|---|
| 001 | 161355 | ||
| 003 | ES-MaACL | ||
| 005 | 20250724063423.0 | ||
| 008 | 010521s1868 sp |||| | spa d | ||
| 040 |
_aCCPB | B _bspa _cCCPB | B |
||
| 080 | _a634.8(460.355) | ||
| 080 | _a663.21(460.355) | ||
| 100 | 1 |
_aParada y Barreto, Diego Ignacio, _d1829-1881 _eaut _9130822 |
|
| 245 | 1 | 0 |
_aNoticias sobre la historia y estado actual del cultivo de la vid y del comercio vinatero de Jerez de la Frontera / _cpor el Ldo. D. Diego Parada y Barreto |
| 260 |
_aJerez : _b[s.n.], _c1868 _f(Imp. del Guadalete, a cargo de Tomás Bueno) |
||
| 300 |
_a152 páginas ; _c21 cm. |
||
| 530 | _aDisponible en formato digital | ||
| 650 | 4 |
_aJerez-Xérès-Sherry (Vino) _9151878 |
|
| 650 | 4 |
_aViticultura- _zJerez de la Frontera _917837 |
|
| 852 |
_aES-MaACL _cDEPOF _jT-852-F-8 _xEnc. en un vol. facticio _xHolandesa, conservando cub. original |
||
| 856 |
_uhttps://bdh-rd.bne.es/viewer.vm?id=0000050857&page=1 _yVersión en línea _z(Biblioteca Digital Hispánica) |
||
| 942 |
_2udc _cMONANT _n0 |
||
| 999 |
_c161355 _d161355 |
||